| 000 | 00491nam a22001817a 4500 | ||
|---|---|---|---|
| 003 | OSt | ||
| 005 | 20240807095331.0 | ||
| 008 | 130627t xxu||||| |||| 00| 0 eng d | ||
| 020 | _a971-584-503-7 | ||
| 050 |
_aQC 21 _b.Sa236 2007 |
||
| 082 |
_aFIL 530 _bSa5 2007 |
||
| 245 |
_aBreaking through Physics / _cCeleste Joan C. Santisteban. |
||
| 260 |
_aQuezon City : _bC&E Publishing, . _cc2007 |
||
| 300 |
_axi. 621 p. ; _bill. ; _c26 cm. : |
||
| 562 | _e1 | ||
| 942 |
_2lcc _cBK |
||
| 999 |
_c3267 _d3267 |
||